Top Five UFC Fighters By Category #2 - Statistics

General Stats
  • This quiz has been taken 467 times
    182 since last reset
  • The average score is 27 of 43
Answer Stats
Country % Correct
Connor McGregor
98%
Jon Jones
98%
Jon Jones
98%
Jon Jones
98%
Khabib Nurmagomedov
97%
Alexander Volkanovski
96%
Georges St-Pierre
96%
Max Holloway
96%
Ilia Topuria
95%
Jose Aldo
94%
Jose Aldo / Valentina Shevchenko
94%
Tony Ferguson
94%
Alex Pereira
92%
Anderson Silva
91%
Kamaru Usman
87%
Tom Aspinall
87%
Stipe Miocic
86%
Daniel Cormier
85%
Demetrious Johnson
84%
Demetrious Johnson
84%
Magomed Ankalaev
84%
Merab Dvalishvili / Luigi Fioravanti / Makhmud Muradov
84%
Francis Ngannou
77%
Jiri Prochazka
77%
Jamahal Hill
75%
Islam Makhachev
73%
Tyron Woodley
67%
Matt Hughes
65%
Glover Teixeira
64%
B.J. Penn
60%
Ronda Rousey
37%
Brock Lesnar
36%
Pat Miletich
21%
Tito Ortiz
11%
Sean Sherk
8%
Elvis Sinosic
6%
Hector Lombard
6%
Phil Baroni
6%
Curtis Blaydes
4%
USA
3%
Mexico / Canada / Netherlands / Australia / Nigeria / England / Georgia
1%
Brazil
0%
Russia
0%
No matching quizzes found
Score Distribution
Percent of People with Each Score
Percentile by Number Answered
Your Score History
You have not taken this quiz since the last reset